|
|
|
|
| LEADER |
01080nam a2200265 a 4500 |
| 001 |
GR-MES11266 |
| 008 |
070109s gr 000 0 gre d |
| 020 |
|
|
|a 9603756768
|
| 040 |
|
|
|a GrPaTEI
|b gre
|c GR-PaULI
|
| 040 |
|
|
|a GrPaTEI
|b gre
|c GR-PaULI
|
| 082 |
|
0 |
|a 320.51
|2 22
|
| 100 |
1 |
|
|a Rawls, John
|
| 245 |
1 |
2 |
|a Ο πολιτικός φιλελευθερισμός /
|c Τζων Ρώλς ; μετάφραση Σπύρος Μαρκέτος.
|
| 260 |
|
|
|a Αθήνα :
|b Μεταίχμιο,
|c 2000
|
| 300 |
|
|
|a xvi
|a 456σ. ;
|c 24εκ.
|
| 490 |
0 |
|
|a Πολιτική-Επικοινωνία
|
| 500 |
|
|
|a Περιλαμβάνει ευρετήριο
|
| 650 |
|
4 |
|a ΔΙΚΑΙΟΣΥΝΗ
|
| 650 |
|
4 |
|a ΠΟΛΙΤΙΚΗ
|
| 650 |
|
4 |
|a ΦΙΛΕΛΕΥΘΕΡΙΣΜΟΣ
|
| 700 |
1 |
|
|a Μαρκέτος, Σπύρος
|
| 942 |
|
|
|2 ddc
|
| 952 |
|
|
|0 0
|1 0
|2 ddc
|4 0
|6 320_510000000000000_RAW
|7 0
|9 270343
|a MSLG
|b MSLG
|c BSC
|d 2021-01-17
|e 24
|f 0
|g 0.00
|l 0
|o 320.51 RAW
|p 2420000020988
|r 2021-01-17 00:00:00
|t 1
|w 2021-01-17
|y BK15
|x 20070109 0 1
|x GrPaTEI
|
| 971 |
|
|
|a .b25773136
|b 16-04-20
|c 13-09-16
|
| 999 |
|
|
|c 156125
|d 156125
|